[Event "Bad Woerishofen sen"]
[Site "?"]
[Date "2007.03.15"]
[Round "8"]
[White "Neumann, Erwin"]
[Black "Packroff, Hermann"]
[Result "0-1"]
[WhiteElo "1975"]
[BlackElo "2208"]
[PlyCount "79"]
[EventDate "2007.??.??"]

1. e4 Nf6 2. e5 Nd5 3. d4 d6 4. c4 Nb6 5. exd6 cxd6 6. Nf3 g6 7. h3 Bg7 8. Bd3
O-O 9. O-O Nc6 10. d5 Nb4 11. Nc3 Nxd3 12. Qxd3 Bf5 13. Ne4 Qc7 14. g4 Bxe4 15.
Qxe4 Qxc4 16. Qxc4 Nxc4 17. Rb1 Rfc8 18. Re1 Kf8 19. b3 Nb6 20. Rd1 Rc5 21. Be3
Rxd5 22. Rdc1 Ra5 23. Rc7 Nd5 24. Rxb7 Nxe3 25. fxe3 Rxa2 26. Rc1 Ra1 27. Rxa1
Bxa1 28. Ng5 h6 29. Ne4 a5 30. Kg2 a4 31. bxa4 Rxa4 32. Rb8+ Kg7 33. Kf3 d5 34.
Nc5 Ra3 35. Kf4 e5+ 36. Kf3 Bd4 37. Nd3 e4+ 38. Kf4 g5+ 39. Kf5 Bxe3 40. Ke5
0-1

[Event "Bad Woerishofen sen"]
[Site "?"]
[Date "2007.03.15"]
[Round "8"]
[White "Hoennekes, Klaus"]
[Black "Schirmer, Werner"]
[Result "1-0"]
[WhiteElo "2119"]
[BlackElo "2060"]
[PlyCount "49"]
[EventDate "2007.??.??"]

1. e4 c5 2. Nc3 Nc6 3. g3 g6 4. Bg2 Bg7 5. d3 Rb8 6. Be3 d6 7. Qd2 b5 8. Nd1 e6
9. Ne2 Nd4 10. Nc1 b4 11. c3 bxc3 12. bxc3 Nc6 13. Ne2 Nge7 14. Bh6 O-O 15. h4
f5 16. h5 Ne5 17. hxg6 hxg6 18. Bxg7 Kxg7 19. d4 cxd4 20. cxd4 Ng4 21. Rc1 Rh8
22. Rxh8 Qxh8 23. Qa5 Bb7 24. Qc7 Qe8 25. Rb1 1-0

[Event "Bad Woerishofen sen"]
[Site "?"]
[Date "2007.03.15"]
[Round "8"]
[White "Winter, Bernd"]
[Black "Schumacher, Helmut"]
[Result "1-0"]
[WhiteElo "1969"]
[BlackElo "2088"]
[PlyCount "47"]
[EventDate "2007.??.??"]

1. e4 e6 2. d4 d5 3. Nc3 Bb4 4. e5 c5 5. a3 Bxc3+ 6. bxc3 Qa5 7. Bd2 Qa4 8. Qg4
g6 9. Kd1 b6 10. Nf3 Ne7 11. Qf4 h6 12. Qf6 Rh7 13. Bxh6 Ng8 14. Qf4 Rxh6 15.
Ng5 Qd7 16. Bb5 Qxb5 17. Qxf7+ Kd8 18. Qxg8+ Kc7 19. Qg7+ Kc6 20. Qxh6 cxd4 21.
Qf8 Nd7 22. Qd6+ Kb7 23. Nxe6 Qb4 24. Nc5+ 1-0

[Event "Bad Woerishofen sen"]
[Site "?"]
[Date "2007.03.15"]
[Round "8"]
[White "Mueller, Manfred"]
[Black "Goy, Udo"]
[Result "0-1"]
[WhiteElo "2125"]
[BlackElo "2217"]
[PlyCount "66"]
[EventDate "2007.??.??"]

1. e4 c6 2. d4 d5 3. exd5 cxd5 4. Nf3 Nf6 5. c4 e6 6. Nc3 Be7 7. Bf4 O-O 8. c5
b6 9. b4 a5 10. a3 Ne4 11. Nb5 axb4 12. axb4 Rxa1 13. Qxa1 Nc6 14. Bc7 Qd7 15.
Ne5 Nxe5 16. Bxe5 f6 17. Bg3 e5 18. f3 Nxg3 19. hxg3 exd4 20. Qxd4 f5 21. Nc3
Qe6+ 22. Kd1 Bf6 23. Qd3 d4 24. Nb5 bxc5 25. bxc5 Qe5 26. g4 h6 27. Nd6 Bd7 28.
gxf5 Ba4+ 29. Kc1 Qe1+ 30. Kb2 Rb8+ 31. Ka2 Bc2 32. Be2 Qa5+ 33. Qa3 Bb3+ 0-1

[Event "Bad Woerishofen sen"]
[Site "?"]
[Date "2007.03.15"]
[Round "8"]
[White "Wulf, Adalbert"]
[Black "Bakalarczyk, Wlodim"]
[Result "1/2-1/2"]
[WhiteElo "1985"]
[BlackElo "1937"]
[PlyCount "60"]
[EventDate "2007.??.??"]

1. Nf3 Nf6 2. c4 g6 3. g3 Bg7 4. Nc3 O-O 5. Bg2 d6 6. d3 Nc6 7. Bg5 h6 8. Bd2
Re8 9. a3 e5 10. e4 Bg4 11. h3 Bxf3 12. Bxf3 Nd4 13. Bg2 c6 14. O-O Kh8 15. Ne2
Ne6 16. Nc3 Nc5 17. Be3 Ne6 18. b4 a5 19. b5 c5 20. Ra2 b6 21. Kh2 Rb8 22. Qe1
Nd4 23. Ne2 Nd7 24. Nc3 Nf8 25. Nd5 Nfe6 26. f4 exf4 27. gxf4 f5 28. Qg3 Nc7
29. Bxd4 Bxd4 30. Nxc7 Qxc7 1/2-1/2

[Event "Bad Woerishofen op"]
[Site "?"]
[Date "2007.03.16"]
[Round "9"]
[White "Romanishin, Oleg"]
[Black "Bronznik, Valeri"]
[Result "1-0"]
[WhiteElo "2572"]
[BlackElo "2396"]
[PlyCount "53"]
[EventDate "2007.??.??"]

1. d4 f5 2. g3 Nf6 3. Bg2 g6 4. Nf3 Bg7 5. O-O O-O 6. b3 d6 7. Bb2 Qe8 8. c4
Na6 9. Nbd2 Rb8 10. a3 b5 11. b4 bxc4 12. Nxc4 c6 13. Rc1 Nc7 14. Na5 Bd7 15.
d5 Nfxd5 16. Bxg7 Kxg7 17. Nd4 Rb6 18. Qc2 Qf7 19. Ndxc6 a6 20. Qd2 e5 21. Rfd1
Be6 22. f4 Qf6 23. fxe5 dxe5 24. Nxe5 f4 25. gxf4 Qxf4 26. Qxf4 Rxf4 27. e4 1-0

[Event "Bad Woerishofen op"]
[Site "?"]
[Date "2007.03.16"]
[Round "9"]
[White "Galdunts, Sergey"]
[Black "Pitl, Gregory"]
[Result "1-0"]
[WhiteElo "2502"]
[BlackElo "2357"]
[PlyCount "53"]
[EventDate "2007.??.??"]

1. e4 e5 2. Nf3 Nf6 3. Nc3 Nc6 4. g3 d5 5. exd5 Nd4 6. Bg2 Bg4 7. h3 Bxf3 8.
Bxf3 Nxf3+ 9. Qxf3 Bb4 10. Ne4 Nxd5 11. Qb3 Be7 12. Qxb7 Nb4 13. Qb5+ c6 14.
Qa4 Qd5 15. d3 f5 16. a3 fxe4 17. axb4 exd3 18. O-O d2 19. Bxd2 Qxd2 20. Qxc6+
Kf7 21. Qc4+ Kg6 22. Rfd1 Qg5 23. Ra6+ Bf6 24. h4 Qh5 25. Qe4+ Kh6 26. g4 Qxh4
27. Kg2 1-0

[Event "Bad Woerishofen op"]
[Site "?"]
[Date "2007.03.16"]
[Round "9"]
[White "Bromberger, Stefan"]
[Black "Otterstaetter, Stefan"]
[Result "1-0"]
[WhiteElo "2495"]
[BlackElo "2227"]
[PlyCount "73"]
[EventDate "2007.??.??"]

1. e4 c5 2. Nf3 Nf6 3. e5 Nd5 4. Nc3 Nxc3 5. dxc3 Nc6 6. Bf4 e6 7. Qe2 h6 8. h4
b6 9. O-O-O Bb7 10. Kb1 Qc7 11. Nd2 Ne7 12. Rh3 O-O-O 13. Bh2 Kb8 14. Ne4 Nc8
15. c4 Qc6 16. Re3 Be7 17. Qg4 Rhg8 18. Be2 Qc7 19. Red3 Bc6 20. Bf3 Qb7 21.
Qf4 g5 22. hxg5 hxg5 23. Qg4 Ka8 24. Bg3 b5 25. cxb5 Qxb5 26. Rxd7 Rxd7 27.
Rxd7 c4 28. Nc3 Qb6 29. Qxc4 Bxf3 30. gxf3 Rd8 31. Nd5 exd5 32. Qxd5+ Kb8 33.
e6+ Bd6 34. e7 Rh8 35. Rxd6 Nxd6 36. Bxd6+ Kc8 37. Qa8+ 1-0

[Event "Bad Woerishofen op"]
[Site "?"]
[Date "2007.03.16"]
[Round "9"]
[White "Pirrot, Dieter"]
[Black "Lupor, Andre"]
[Result "1-0"]
[WhiteElo "2420"]
[BlackElo "2288"]
[PlyCount "49"]
[EventDate "2007.??.??"]

1. e4 c5 2. c3 Nf6 3. e5 Nd5 4. Nf3 Nc6 5. Bc4 Nb6 6. Bb3 d5 7. exd6 Qxd6 8.
Na3 Qd3 9. Bc2 Qd8 10. O-O Bg4 11. Be4 Rc8 12. Qb3 Be6 13. Qb5 Bd5 14. Bxd5
Qxd5 15. c4 Qd7 16. d3 e5 17. Re1 f6 18. Be3 Nd8 19. Qb3 Bd6 20. Nb5 Bb8 21. d4
cxd4 22. Bxd4 Qf7 23. Bxe5 fxe5 24. Nxe5 Bxe5 25. Nd6+ 1-0

[Event "Bad Woerishofen op"]
[Site "?"]
[Date "2007.03.16"]
[Round "9"]
[White "Lupor, Stefan"]
[Black "Langheinrich, Ferenc"]
[Result "0-1"]
[WhiteElo "2284"]
[BlackElo "2396"]
[PlyCount "62"]
[EventDate "2007.??.??"]

1. e4 c5 2. Nf3 Nf6 3. e5 Nd5 4. Nc3 Nc7 5. d4 cxd4 6. Qxd4 Nc6 7. Qe4 e6 8.
Bg5 f6 9. Bh4 g5 10. Qg4 h5 11. Qg3 Bh6 12. exf6 gxh4 13. Qg6+ Kf8 14. Ng5 Ne5
15. Nh7+ Rxh7 16. Qxh7 Qxf6 17. Be2 Qg7 18. Qxg7+ Kxg7 19. Bxh5 d5 20. O-O Bd7
21. f4 Nc4 22. g4 hxg3 23. hxg3 Rf8 24. Rae1 Kg8 25. Nd1 Bg7 26. c3 Bc6 27. Re2
Nd6 28. Rc2 Nce8 29. Bf3 Nf6 30. Kg2 Nfe4 31. Nf2 Nf5 0-1

[Event "Bad Woerishofen op"]
[Site "?"]
[Date "2007.03.16"]
[Round "9"]
[White "Rutz, Matthias"]
[Black "Dittmar, Peter"]
[Result "0-1"]
[WhiteElo "2108"]
[BlackElo "2357"]
[PlyCount "110"]
[EventDate "2007.??.??"]

1. d4 d5 2. Bg5 f6 3. Bf4 Nc6 4. Nf3 Bg4 5. Nbd2 Qd7 6. h3 Bh5 7. c3 O-O-O 8.
Qa4 Kb8 9. e3 e5 10. dxe5 fxe5 11. Bg5 Be7 12. Bb5 Bf6 13. Qh4 Bxf3 14. Nxf3
Rf8 15. Bxf6 gxf6 16. O-O-O Nge7 17. e4 Qe6 18. exd5 Nxd5 19. Bc4 Nce7 20. Qe4
c6 21. Nd4 Qc8 22. Ne2 Nb6 23. Bb3 Qf5 24. Qxf5 Nxf5 25. g4 Ne7 26. Ng3 Ned5
27. Ne2 f5 28. c4 Ne7 29. f3 h5 30. Ng3 h4 31. Nxf5 Nxf5 32. gxf5 Rxf5 33. c5
Nc8 34. Rd3 e4 35. fxe4 Rxc5+ 36. Kd2 Re8 37. Rd4 Rce5 38. Re1 Nb6 39. Kd3 Kc7
40. Rf1 c5 41. Rd5 Nxd5 42. Bxd5 R8e7 43. Rf4 Rh5 44. Kc4 b6 45. Kb5 Kd6 46.
Ka6 Rg7 47. a4 Ke5 48. Rf8 Rh6 49. Re8+ Kd4 50. Rd8 Ke5 51. Re8+ Kf4 52. e5 Rh5
53. Bb7 Rxe5 54. Rf8+ Kg3 55. Kxa7 Re1 0-1

[Event "Bad Woerishofen op"]
[Site "?"]
[Date "2007.03.16"]
[Round "9"]
[White "Rahls, Peter"]
[Black "Keller, Manfred"]
[Result "0-1"]
[WhiteElo "2338"]
[BlackElo "2179"]
[PlyCount "96"]
[EventDate "2007.??.??"]

1. e4 Nf6 2. e5 Nd5 3. c4 Nb6 4. c5 Nd5 5. Bc4 e6 6. d4 b6 7. Nf3 bxc5 8. Nc3
Nxc3 9. bxc3 cxd4 10. Qxd4 d5 11. Bb3 Ba6 12. Bd2 c5 13. Qf4 Be7 14. h4 h6 15.
Rc1 Nd7 16. Qg3 g6 17. h5 g5 18. Nh2 f5 19. exf6 Nxf6 20. Bc2 Qd6 21. f4 O-O-O
22. c4 Nxh5 23. Qa3 Nxf4 24. Bxf4 gxf4 25. O-O Bxc4 26. Qxa7 Bxf1 27. Rxf1 Rd7
28. Qa8+ Qb8 29. Qc6+ Qc7 30. Qxe6 Qd6 31. Qe2 Rb7 32. Qg4+ Kb8 33. Re1 c4 34.
Nf3 Qc7 35. Kh1 Bc5 36. Qe6 Rd8 37. Ne5 Rb6 38. Qf5 Be3 39. a4 Qg7 40. a5 Rf6
41. Qh3 Qg3 42. Qxg3 fxg3 43. Ng4 Re6 44. Nxe3 Rde8 45. Rb1+ Ka7 46. Nf1 Re1
47. Kg1 Rxb1 48. Bxb1 Re1 0-1

[Event "Bad Woerishofen op"]
[Site "?"]
[Date "2007.03.16"]
[Round "9"]
[White "Tennstedt, Andreas"]
[Black "Friedrich, Norbert"]
[Result "1/2-1/2"]
[WhiteElo "2205"]
[BlackElo "2314"]
[PlyCount "53"]
[EventDate "2007.??.??"]

1. c4 e5 2. Nc3 Nf6 3. g3 d5 4. cxd5 Nxd5 5. Bg2 Nb6 6. d3 Be7 7. Nf3 Nc6 8.
O-O O-O 9. Be3 Re8 10. a3 Bf8 11. Na4 Nd4 12. Rc1 Nxe2+ 13. Qxe2 Nxa4 14. Qc2
Bd7 15. Qxc7 Bc6 16. Qxd8 Raxd8 17. Ne1 Bxg2 18. Kxg2 Nxb2 19. Rb1 Nxd3 20.
Nxd3 Rxd3 21. Rxb7 Bxa3 22. Rxa7 f6 23. Ra1 Bd6 24. R1a6 e4 25. Rb7 Re7 26.
Rxe7 Bxe7 27. Re6 1/2-1/2

[Event "Bad Woerishofen op"]
[Site "?"]
[Date "2007.03.16"]
[Round "9"]
[White "Bjarnason, Oskar"]
[Black "Bohnstorff, Michael"]
[Result "1-0"]
[WhiteElo "2225"]
[BlackElo "2166"]
[PlyCount "45"]
[EventDate "2007.??.??"]

1. d4 e6 2. Nc3 b6 3. e4 Bb7 4. Nf3 Nf6 5. Bd3 Bb4 6. Bg5 h6 7. Bxf6 Qxf6 8.
O-O Bxc3 9. bxc3 O-O 10. Nd2 d6 11. f4 Nd7 12. Qh5 Qe7 13. e5 dxe5 14. fxe5 Qg5
15. Qe2 Rad8 16. Ne4 Qh4 17. g3 Qe7 18. Nf6+ Kh8 19. Qh5 c5 20. Rf4 c4 21. Bxc4
Nxe5 22. Qxe5 gxf6 23. Rxf6 1-0

[Event "Bad Woerishofen op"]
[Site "?"]
[Date "2007.03.16"]
[Round "9"]
[White "Waldschmidt, Georg"]
[Black "Shahin, Walid"]
[Result "1-0"]
[WhiteElo "2210"]
[BlackElo "2068"]
[PlyCount "75"]
[EventDate "2007.??.??"]

1. e4 e6 2. d4 d5 3. e5 c5 4. c3 Nc6 5. Nf3 Bd7 6. Be2 Qb6 7. O-O Nh6 8. dxc5
Bxc5 9. b4 Bf8 10. Bd3 Ng4 11. Qe2 f6 12. exf6 gxf6 13. b5 Nce5 14. Nxe5 Nxe5
15. Qh5+ Kd8 16. Be2 Be8 17. Qh4 Be7 18. Be3 Qd6 19. f4 Nd7 20. Nd2 Rc8 21.
Rac1 Kc7 22. c4 Kb8 23. Qf2 b6 24. cxd5 Rxc1 25. Rxc1 Qxd5 26. Bc4 Qf5 27. Nb3
e5 28. a4 Bg6 29. a5 exf4 30. Bxf4+ Ne5 31. axb6 Qd7 32. bxa7+ Qxa7 33. b6 Qd7
34. Ra1 Be4 35. Qe3 Qc6 36. b7 Qxb7 37. Ra5 Kc8 38. Ba6 1-0

[Event "Bad Woerishofen op"]
[Site "?"]
[Date "2007.03.16"]
[Round "9"]
[White "Salvermoser, Bernd"]
[Black "Boog, Frithjof Dr"]
[Result "1-0"]
[WhiteElo "2301"]
[BlackElo "2132"]
[PlyCount "55"]
[EventDate "2007.??.??"]

1. d4 e6 2. c4 f5 3. Nc3 Nf6 4. g3 Be7 5. Bg2 O-O 6. Nf3 d5 7. O-O c6 8. b3 Qe8
9. Ne1 Qh5 10. Nd3 Rd8 11. e3 Qxd1 12. Rxd1 Bd7 13. a4 Ne4 14. Ne2 b6 15. f3
Nf6 16. a5 Na6 17. Ne5 Be8 18. Nf4 Nc7 19. Ba3 Bxa3 20. Rxa3 g5 21. Nfd3 dxc4
22. bxc4 b5 23. Rc1 bxc4 24. Rxc4 Nb5 25. Rb3 Nd5 26. Nc5 Ndc7 27. f4 gxf4 28.
gxf4 1-0

[Event "Bad Woerishofen op"]
[Site "?"]
[Date "2007.03.16"]
[Round "9"]
[White "Graf, Felix"]
[Black "Eisenbeis, Norman"]
[Result "1-0"]
[WhiteElo "2249"]
[BlackElo "2129"]
[PlyCount "65"]
[EventDate "2007.??.??"]

1. d4 Nf6 2. c4 g6 3. Nc3 Bg7 4. e4 d6 5. f3 O-O 6. Be3 e5 7. d5 Nh5 8. Qd2 f5
9. O-O-O Nd7 10. Bd3 a6 11. Kb1 Nc5 12. Bc2 fxe4 13. Bxc5 dxc5 14. Nxe4 Qe7 15.
Ne2 b5 16. N2c3 bxc4 17. Na4 Rd8 18. Qc3 Nf6 19. Qxc4 Kh8 20. Naxc5 Qf7 21. Ng5
Qg8 22. Nce6 Rd7 23. h4 Rb8 24. h5 Nxh5 25. g4 Nf6 26. Bxg6 Bf8 27. Bf5 Re7 28.
Rh2 Bxe6 29. Nxe6 Rb5 30. g5 Ne8 31. Rdh1 Nd6 32. Qc2 e4 33. Qc3+ 1-0

[Event "Bad Woerishofen op"]
[Site "?"]
[Date "2007.03.16"]
[Round "9"]
[White "Schulz, Michael"]
[Black "Gerstner, Bernhard"]
[Result "1/2-1/2"]
[WhiteElo "2235"]
[BlackElo "2121"]
[PlyCount "46"]
[EventDate "2007.??.??"]

1. Nf3 Nf6 2. c4 b6 3. d4 e6 4. e3 Bb7 5. Bd3 d5 6. O-O dxc4 7. Bxc4 a6 8. Nc3
b5 9. Bd3 c5 10. Qe2 Nbd7 11. Rd1 Qb6 12. Bc2 Be7 13. e4 cxd4 14. Nxd4 b4 15.
Na4 Qa5 16. Bd2 O-O 17. a3 Rfc8 18. axb4 Bxb4 19. Nb3 Qc7 20. Nc3 a5 21. Rac1
Ba6 22. Qf3 Ne5 23. Qh3 Ng6 1/2-1/2

[Event "Bad Woerishofen op"]
[Site "?"]
[Date "2007.03.16"]
[Round "9"]
[White "Babar, Michael"]
[Black "Bader, Gerd"]
[Result "1-0"]
[WhiteElo "2191"]
[BlackElo "2115"]
[PlyCount "78"]
[EventDate "2007.??.??"]

1. c4 e5 2. Nc3 d6 3. d4 Nd7 4. Nf3 g6 5. e4 Bg7 6. Be3 Ngf6 7. h3 O-O 8. Be2
Re8 9. d5 a5 10. a3 Nc5 11. Nd2 Nfd7 12. b4 axb4 13. axb4 Rxa1 14. Qxa1 Na6 15.
Qa3 f5 16. f3 Qh4+ 17. Bf2 Qg5 18. Rg1 Bh6 19. Nb3 Qe7 20. Qa5 Nf6 21. g4 fxe4
22. fxe4 Nd7 23. h4 Bf4 24. Qa3 Rf8 25. c5 Qf6 26. Rf1 Qe7 27. c6 bxc6 28. Bxa6
Nb6 29. Bxc8 Nc4 30. Qa2 Be3 31. Be6+ Kg7 32. g5 h6 33. Qe2 cxd5 34. exd5 Bxf2+
35. Rxf2 Rxf2 36. Kxf2 Nb6 37. Ne4 hxg5 38. hxg5 c6 39. Qf3 Nxd5 1-0

[Event "Bad Woerishofen op"]
[Site "?"]
[Date "2007.03.16"]
[Round "9"]
[White "Maugg, Ludwig"]
[Black "Sirch, Franz"]
[Result "1/2-1/2"]
[WhiteElo "2099"]
[BlackElo "2184"]
[PlyCount "58"]
[EventDate "2007.??.??"]

1. d4 Nf6 2. c4 c5 3. d5 b5 4. cxb5 a6 5. bxa6 Bxa6 6. Nc3 d6 7. g3 g6 8. Bg2
Bg7 9. Nf3 O-O 10. O-O Nbd7 11. Rb1 Qa5 12. Bd2 Rfb8 13. Qc2 Ng4 14. b3 Nge5
15. Rfe1 Nxf3+ 16. Bxf3 Ne5 17. Bg2 Bc8 18. h3 Qa3 19. Bc1 Qb4 20. Bb2 Bf5 21.
e4 Bxh3 22. Bxh3 Nf3+ 23. Kf1 Nxe1 24. Rxe1 c4 25. Re2 cxb3 26. axb3 Qxb3 27.
Qxb3 Rxb3 28. Nd1 Bxb2 29. Rxb2 Rxb2 1/2-1/2

[Event "Bad Woerishofen op"]
[Site "?"]
[Date "2007.03.16"]
[Round "9"]
[White "Roemhild, Marcus"]
[Black "Schmidt, Wolfgang"]
[Result "1-0"]
[WhiteElo "2167"]
[BlackElo "2071"]
[PlyCount "45"]
[EventDate "2007.??.??"]

1. e4 Nf6 2. e5 Nd5 3. d4 d6 4. c4 Nb6 5. exd6 cxd6 6. Nc3 g6 7. Be3 Bg7 8. Rc1
O-O 9. b3 e6 10. Be2 N8d7 11. Bf3 Nf6 12. Nge2 Rb8 13. O-O Bd7 14. c5 Nc8 15.
Re1 Bc6 16. d5 exd5 17. Nxd5 Bxd5 18. Bxd5 Ne7 19. Bf3 d5 20. Bf4 Rc8 21. Nd4
Nc6 22. Nb5 Qd7 23. Nd6 1-0

[Event "Bad Woerishofen op"]
[Site "?"]
[Date "2007.03.16"]
[Round "9"]
[White "Vonach, Bernhard Dr"]
[Black "Schmitzer, Peter"]
[Result "0-1"]
[WhiteElo "2013"]
[BlackElo "2113"]
[PlyCount "72"]
[EventDate "2007.??.??"]

1. d4 Nf6 2. Nf3 e6 3. c4 c5 4. e3 b6 5. Nc3 cxd4 6. exd4 d6 7. Bd3 Bb7 8. Bg5
Be7 9. O-O Nbd7 10. Rc1 O-O 11. Qe2 Re8 12. Rfd1 Rc8 13. Bb1 d5 14. b3 Ba3 15.
Rc2 dxc4 16. bxc4 a6 17. Ne5 Qc7 18. Nxd7 Nxd7 19. Ne4 f5 20. Nd2 h6 21. Bh4
Bd6 22. f3 Bxh2+ 23. Kh1 Bg3 24. Bxg3 Qxg3 25. Rc3 Qh4+ 26. Kg1 Qxd4+ 27. Qe3
Qxe3+ 28. Rxe3 Nc5 29. Nb3 Kf7 30. Rd6 Rc6 31. Rxc6 Bxc6 32. Nxc5 bxc5 33. Re5
Rd8 34. Rxc5 Rd1+ 35. Kf2 Rxb1 36. Rxc6 Rb2+ 0-1

[Event "Bad Woerishofen sen"]
[Site "?"]
[Date "2007.03.16"]
[Round "9"]
[White "Zunker, Reinhard Dr"]
[Black "Schmid, Hermann"]
[Result "1-0"]
[WhiteElo "2242"]
[BlackElo "2170"]
[PlyCount "123"]
[EventDate "2007.??.??"]

1. e4 c6 2. d4 d5 3. Nc3 dxe4 4. Nxe4 Bf5 5. Ng3 Bg6 6. Bc4 e6 7. N1e2 Bd6 8.
Nf4 Ne7 9. Qe2 Qc7 10. Ngh5 O-O 11. Nxg6 Nxg6 12. Ng3 Nd7 13. Ne4 Be7 14. O-O
Nf6 15. g3 Rfd8 16. c3 Nxe4 17. Qxe4 e5 18. Be3 exd4 19. Bxd4 c5 20. Be3 Bf6
21. Rfd1 Re8 22. Qf5 Ne5 23. Bf4 Re7 24. Bxe5 Qxe5 25. Qxe5 Bxe5 26. Rd5 b6 27.
Re1 Bf6 28. Rxe7 Bxe7 29. Rd7 Kf8 30. a4 f5 31. Kf1 Bf6 32. Rf7+ Ke8 33. Rb7
Kf8 34. Be6 f4 35. gxf4 Rd8 36. Rxa7 Rd1+ 37. Kg2 Rd2 38. Rb7 Rd6 39. f5 Ke8
40. Kf3 Kd8 41. Ke4 h6 42. Bd5 Kc8 43. Ra7 Kb8 44. Ra8+ Kc7 45. f4 Rd8 46. Ra7+
Kc8 47. a5 bxa5 48. Rxa5 Be7 49. Ra7 Bf6 50. Ra6 Kb8 51. Rb6+ Ka7 52. Rb3 Rd6
53. Rb7+ Ka6 54. Rb8 Rd8 55. Rb3 Rd6 56. Ra3+ Kb6 57. Ra4 Rd7 58. Ra3 Rd6 59.
c4 Rd8 60. Rb3+ Ka6 61. Rb5 Rc8 62. Bb7+ 1-0

[Event "Bad Woerishofen sen"]
[Site "?"]
[Date "2007.03.16"]
[Round "9"]
[White "Ljubarskij, Jurij"]
[Black "Bierwisch, Bernhard"]
[Result "1/2-1/2"]
[WhiteElo "2292"]
[BlackElo "2242"]
[PlyCount "80"]
[EventDate "2007.??.??"]

1. e4 c5 2. Nc3 Nc6 3. f4 g6 4. Nf3 Bg7 5. Bb5 Nd4 6. Nxd4 cxd4 7. Ne2 a6 8.
Bc4 e6 9. c3 d5 10. exd5 exd5 11. Bd3 Bg4 12. O-O Ne7 13. h3 Bf5 14. Qc2 Rc8
15. Ng3 Bxd3 16. Qxd3 f5 17. Ne2 Nc6 18. b3 O-O 19. Bb2 Re8 20. Kh2 Qe7 21. Ng3
Qd6 22. Qf3 Re6 23. Rfe1 Rce8 24. Rxe6 Qxe6 25. Rc1 h5 26. cxd4 h4 27. Nf1 Qe4
28. Ne3 Qxf3 29. gxf3 Nxd4 30. Bxd4 Bxd4 31. Nxd5 Re2+ 32. Kh1 Rxd2 33. Rc7 Bg7
34. Ne7+ Kh7 35. Rxb7 Rxa2 36. Nd5 Kh6 37. Ne7 a5 38. Rb6 Ra1+ 39. Kg2 Rg1+ 40.
Kh2 Kh7 1/2-1/2

[Event "Bad Woerishofen sen"]
[Site "?"]
[Date "2007.03.16"]
[Round "9"]
[White "Goy, Udo"]
[Black "Straub, Peter"]
[Result "1-0"]
[WhiteElo "2217"]
[BlackElo "2096"]
[PlyCount "127"]
[EventDate "2007.??.??"]

1. d4 Nf6 2. c4 g6 3. Nc3 d5 4. cxd5 Nxd5 5. e4 Nxc3 6. bxc3 Bg7 7. Nf3 c5 8.
Rb1 O-O 9. Be2 Nc6 10. d5 Ne5 11. Nxe5 Bxe5 12. c4 Qc7 13. h4 e6 14. O-O exd5
15. cxd5 Bf4 16. Bf3 Rb8 17. Qd3 Bd7 18. Rd1 Bxc1 19. Rbxc1 b5 20. h5 c4 21. d6
Qb6 22. Qc3 Be6 23. Qe5 Bd7 24. h6 f6 25. Qd5+ Kh8 26. e5 Rbe8 27. Re1 Be6 28.
Qc6 Rd8 29. exf6 Rxd6 30. Qe4 Qd8 31. f7 Bxf7 32. Qe5+ Qf6 33. Qxb5 Qf4 34.
Qb2+ Qf6 35. Qxf6+ Rxf6 36. Re5 g5 37. Rxg5 Rxh6 38. Ra5 a6 39. Rc5 Rb8 40. Rc7
Kg8 41. Rd1 Re8 42. g3 Rf6 43. Bd5 Bxd5 44. Rxd5 Re1+ 45. Kg2 Re2 46. Rd8+ Rf8
47. Rxf8+ Kxf8 48. a4 Rc2 49. Ra7 c3 50. Rxh7 Ra2 51. Rc7 c2 52. Kh3 Ke8 53. f4
Kd8 54. Rc3 Ke7 55. Kg4 Kd6 56. Kf5 Ra3 57. Rxc2 Rxg3 58. Re2 Kc5 59. Re5+ Kb6
60. a5+ Kc6 61. Kf6 Rb3 62. f5 Rb5 63. Rxb5 axb5 64. Ke6 1-0

[Event "Bad Woerishofen sen"]
[Site "?"]
[Date "2007.03.16"]
[Round "9"]
[White "Mittermaier, Walter"]
[Black "Hoennekes, Klaus"]
[Result "1/2-1/2"]
[WhiteElo "2155"]
[BlackElo "2119"]
[PlyCount "99"]
[EventDate "2007.??.??"]

1. d4 g6 2. c4 Bg7 3. Nc3 f5 4. g3 Nf6 5. Bg2 O-O 6. Nf3 d6 7. O-O a5 8. Re1
Nh5 9. Ng5 c6 10. f4 Qb6 11. e3 Na6 12. Na4 Qc7 13. Qb3 h6 14. Nf3 Be6 15. d5
Bf7 16. Nd4 Bxd4 17. exd4 cxd5 18. cxd5 Rab8 19. Qb6 Rfe8 20. Bd2 Qc2 21. Qxa5
b5 22. Nb6 b4 23. Be3 Qc7 24. Qxa6 Rxb6 25. Qd3 Nf6 26. Rec1 Qb7 27. Rc6 Nxd5
28. Rxb6 Qxb6 29. Bd2 e5 30. fxe5 dxe5 31. Bxh6 e4 32. Qd2 Rc8 33. a4 bxa3 34.
Rxa3 Rb8 35. b3 Rc8 36. Bf1 Re8 37. Be3 Nxe3 38. Qxe3 Rd8 39. Ra6 Qxd4 40. Qxd4
Rxd4 41. Bc4 Bxc4 42. bxc4 Rxc4 43. Rxg6+ Kf7 44. Ra6 Rc2 45. h4 Kg7 46. Kf1
Rd2 47. Rb6 Kf7 48. Ra6 Rd3 49. Kf2 Rf3+ 50. Kg2 1/2-1/2

[Event "Bad Woerishofen sen"]
[Site "?"]
[Date "2007.03.16"]
[Round "9"]
[White "Baum, Bernd Dr"]
[Black "Winter, Bernd"]
[Result "1-0"]
[WhiteElo "2179"]
[BlackElo "1969"]
[PlyCount "87"]
[EventDate "2007.??.??"]

1. c4 Nf6 2. Nc3 g6 3. g3 Bg7 4. Bg2 O-O 5. e4 d6 6. Nge2 c6 7. O-O Nbd7 8. d3
e5 9. h3 Ne8 10. Be3 a5 11. Qd2 Nc5 12. f4 Ne6 13. d4 f6 14. Rad1 Qe7 15. f5
N6c7 16. g4 Qf7 17. dxe5 fxe5 18. c5 d5 19. exd5 cxd5 20. Nxd5 gxf5 21. gxf5
Kh8 22. Ng3 Nf6 23. Nxf6 Bxf6 24. Ne4 Rg8 25. Qf2 Ra6 26. Rd6 Ne8 27. Rxa6 bxa6
28. Kh2 Bb7 29. Rg1 Bxe4 30. Bxe4 Rxg1 31. Kxg1 Qxa2 32. Qg2 Qb3 33. Qd2 Qg8+
34. Kh2 Bh4 35. Qg2 Qxg2+ 36. Kxg2 Bd8 37. Kf3 Kg7 38. Bd3 Nc7 39. Ke4 Kf6 40.
Bf2 Be7 41. Bh4+ Kf7 42. Bc4+ Ke8 43. Bxe7 Kxe7 44. Kxe5 1-0

[Event "Bad Woerishofen sen"]
[Site "?"]
[Date "2007.03.16"]
[Round "9"]
[White "Smits, Oswald"]
[Black "Mack, Thomas Dr"]
[Result "1-0"]
[WhiteElo "1900"]
[BlackElo "2026"]
[PlyCount "42"]
[EventDate "2007.??.??"]

1. d4 Nf6 2. Nf3 g6 3. c4 Bg7 4. Nc3 O-O 5. e4 d6 6. Be2 Nbd7 7. O-O e5 8. Bg5
h6 9. Bh4 Re8 10. dxe5 dxe5 11. h3 c6 12. Qc2 Qc7 13. Rad1 Nc5 14. Bg3 Nh5 15.
Bh2 Ne6 16. Rfe1 Nhf4 17. Bf1 Qe7 18. Qc1 Qf6 19. Re3 Nd4 20. Bxf4 Qxf4 21. Nd2
c5 1-0

[Event "Bad Woerishofen sen"]
[Site "?"]
[Date "2007.03.16"]
[Round "9"]
[White "Diete, Guenter"]
[Black "Mantzouneas, Nikolaos"]
[Result "0-1"]
[WhiteElo "1960"]
[BlackElo "2020"]
[PlyCount "80"]
[EventDate "2007.??.??"]

1. e4 c5 2. Nf3 d6 3. c3 Nf6 4. Bc4 Nc6 5. d3 a6 6. a4 Bg4 7. Nbd2 Ne5 8. Nxe5
dxe5 9. Nf3 Bxf3 10. Qxf3 e6 11. O-O Qc7 12. Bd2 Be7 13. b4 O-O 14. Rfb1 b6 15.
b5 a5 16. Re1 Ne8 17. Bb3 Nd6 18. c4 f5 19. Qh3 Bf6 20. Rad1 g5 21. g3 Qg7 22.
Kh1 g4 23. Qg2 fxe4 24. dxe4 Nf7 25. Be3 Rad8 26. h4 Rd4 27. Bxd4 exd4 28. e5
Nxe5 29. Qe4 Re8 30. Bc2 Nxc4 31. Qc6 Qf7 32. Bb3 Ne5 33. Qxb6 c4 34. Ba2 d3
35. Rxe5 Bxe5 36. Bxc4 Qf3+ 37. Kh2 Bxg3+ 38. fxg3 Qe2+ 39. Kh1 Qxd1+ 40. Kg2
Qc2+ 0-1

[Event "Bad Woerishofen sen"]
[Site "?"]
[Date "2007.03.16"]
[Round "9"]
[White "Mueller, Helmut"]
[Black "Budt, Karl-Heinz"]
[Result "0-1"]
[WhiteElo "2077"]
[BlackElo "2162"]
[PlyCount "52"]
[EventDate "2007.??.??"]

1. d4 d5 2. Nf3 Nf6 3. Bg5 e6 4. e3 Be7 5. c4 Nbd7 6. Nc3 O-O 7. Bd3 a6 8. O-O
dxc4 9. Bxc4 b5 10. Be2 c5 11. dxc5 Nxc5 12. Qxd8 Rxd8 13. Rfd1 Bb7 14. b4 Ncd7
15. a3 Rac8 16. Rac1 Kf8 17. Nd4 Ne5 18. f3 Nc4 19. Bxc4 Rxc4 20. Nce2 Rdc8 21.
Rxc4 Rxc4 22. e4 Ke8 23. Kf2 Nxe4+ 24. fxe4 Bxg5 25. Nf3 Bf6 26. e5 Bd8 0-1

[Event "Bad Woerishofen sen"]
[Site "?"]
[Date "2007.03.16"]
[Round "9"]
[White "Klempt, Guenther"]
[Black "Blosze, Winfried"]
[Result "1-0"]
[WhiteElo "2064"]
[BlackElo "1942"]
[PlyCount "79"]
[EventDate "2007.??.??"]

1. d4 d5 2. c4 c6 3. Nf3 Bf5 4. Nc3 e6 5. Bg5 Be7 6. Bxe7 Qxe7 7. e3 dxc4 8.
Bxc4 Qb4 9. Bb3 Nf6 10. O-O O-O 11. Qd2 Nbd7 12. Rfe1 Bg4 13. Bd1 Rad8 14. Qc2
Nb6 15. Ne5 Bf5 16. Qe2 Ne4 17. Rc1 f6 18. Nd3 Nxc3 19. bxc3 Qe7 20. Bb3 Kh8
21. e4 Bg6 22. Nc5 Bf7 23. a4 e5 24. Bxf7 Rxf7 25. a5 Nc8 26. Qb2 b6 27. axb6
axb6 28. Na4 b5 29. Nc5 Nb6 30. Red1 Nc4 31. Qa2 exd4 32. cxd4 Rff8 33. Ra1 f5
34. f3 Qg5 35. Ne6 Qe3+ 36. Kh1 fxe4 37. Re1 Qc3 38. Rxe4 Nd2 39. Nxd8 Nxe4 40.
Nf7+ 1-0